<?xml version="1.0" encoding="UTF-8"?>
<collection xmlns="http://www.loc.gov/MARC21/slim">
 <record>
  <leader>01575nam a2200205Ia 4500</leader>
  <controlfield tag="001">TDMU_23441</controlfield>
  <controlfield tag="008">210410s9999    xx            000 0 und d</controlfield>
  <datafield tag="082" ind1=" " ind2=" ">
   <subfield code="a">895.92230109</subfield>
  </datafield>
  <datafield tag="090" ind1=" " ind2=" ">
   <subfield code="b">NG527</subfield>
  </datafield>
  <datafield tag="100" ind1=" " ind2=" ">
   <subfield code="a">Nguyễn, Thị Huyền</subfield>
  </datafield>
  <datafield tag="245" ind1=" " ind2="0">
   <subfield code="a">Thế giới loài vật qua cách nhìn của Nguyễn Nhật Ánh</subfield>
  </datafield>
  <datafield tag="245" ind1=" " ind2="0">
   <subfield code="c">Nguyễn Thị Huyền; ThS. Trần Thị Sáu (Hướng dẫn)</subfield>
  </datafield>
  <datafield tag="260" ind1=" " ind2=" ">
   <subfield code="a">Bình Dương</subfield>
  </datafield>
  <datafield tag="260" ind1=" " ind2=" ">
   <subfield code="c">2015</subfield>
  </datafield>
  <datafield tag="300" ind1=" " ind2=" ">
   <subfield code="a">72tr.</subfield>
  </datafield>
  <datafield tag="520" ind1=" " ind2=" ">
   <subfield code="a">TM tài liệu tham khảo tr. 69 - 71; Chuyên ngành: Sư phạm Ngữ văn; Đồng ý việc số hóa; không đồng ý cho việc sao chép tài liệu; Khóa luận tốt nghiệp Đại học trường Đại học Thủ Dầu Một, 2011- 2015; Khóa luận gồm 3 chương: Nhà văn Nguyễn Nhật Ánh và đề tài về loài vật; các kiểu loài vật trong truyện của Nguyễn Nhật Ánh; Một số đóng góp mới về nghệ thuật trong truyện về đề tài loài vật của Nguyễn Nhật Ánh</subfield>
  </datafield>
  <datafield tag="650" ind1=" " ind2=" ">
   <subfield code="a">Nguyễn Nhật Ánh</subfield>
   <subfield code="x">Tác phẩm</subfield>
   <subfield code="d">1955 - ; Văn học Việt Nam</subfield>
   <subfield code="x">Truyện ngắn</subfield>
   <subfield code="x">Phê bình, đánh giá; Phê bình, đánh giá văn học</subfield>
   <subfield code="x">Thế giới loài vật</subfield>
   <subfield code="z">Việt Nam; Khóa luận</subfield>
  </datafield>
  <datafield tag="700" ind1=" " ind2=" ">
   <subfield code="a">Trần, Thị Sáu</subfield>
  </datafield>
  <datafield tag="856" ind1=" " ind2=" ">
   <subfield code="u">http://lrc.tdmu.edu.vn/opac/search/detail.asp?aID=2&amp;ID=23441</subfield>
  </datafield>
  <datafield tag="980" ind1=" " ind2=" ">
   <subfield code="a">Trung tâm Học liệu Trường Đại học Thủ Dầu Một</subfield>
  </datafield>
 </record>
</collection>
